[Event "Tatry Open"]
[Site "Tatranske Zruby SVK"]
[Date "2011.10.01"]
[Round "8.59"]
[White "Nicolini,A"]
[Black "Siwek,A"]
[Result "1-0"]
[WhiteElo "2154"]
[BlackElo "1912"]

1.e4 c5 2.Nf3 e6 3.d4 cxd4 4.Nxd4 Nc6 5.Nb5 d6 6.c4 a6 7.N5a3 Nf6 8.Nc3 Be7
9.Be2 O-O 10.O-O b6 11.Be3 Bb7 12.Qd2 Nd7 13.Rfd1 Qc7 14.Rac1 Rfc8 15.Nc2 Na5
16.Nd4 Bf8 17.b3 Rd8 18.f4 Nf6 19.Bf3 Rac8 20.Qf2 Nd7 21.h4 e5 22.Nde2 Bc6
23.Nd5 Bxd5 24.Rxd5 Nc6 25.Nc3 Ne7 26.Rdd1 exf4 27.Bxf4 Ng6 28.Nd5 Qb8 29.Be3 Nge5
30.Nxb6 Nxf3+ 31.gxf3 Nxb6 32.Bxb6 Rd7 33.Rd5 Rc6 34.Bd4 Qd8 35.Rd1 Be7 36.Qg3 Qf8
37.h5 Rdc7 38.Kh1 f6 39.Qg4 Kf7 40.Rg1 Qg8 41.Be3 g6 42.Rg2 g5 43.Qf5 Ke8
44.Rgd2 Qf7 45.Qg4 h6 46.Kg2  1-0

[Event "Lichtenrader Autumn"]
[Site "Berlin GER"]
[Date "2011.10.09"]
[Round "2.9"]
[White "Schildt,R"]
[Black "Radovanovic,J"]
[Result "0-1"]
[WhiteElo "2045"]
[BlackElo "2320"]

1.e4 c5 2.Nf3 e6 3.d4 cxd4 4.Nxd4 Nc6 5.Nb5 d6 6.Bf4 e5 7.Be3 a6 8.N5c3 Nf6
9.Bg5 Be7 10.Bxf6 Bxf6 11.Nd5 O-O 12.Bc4 Bg5 13.c3 Kh8 14.O-O f5 15.Nd2 b5
16.Bb3 Rb8 17.exf5 Bxf5 18.Qe2 Ne7 19.Ne4 Nxd5 20.Bxd5 Be7 21.Qe3 Qd7 22.Rad1 Bd8
23.Rd2 Bb6 24.Qg3 b4 25.Kh1 bxc3 26.bxc3 Qe7 27.Rfd1 Bg6 28.f3 Be3 29.Rd3 Ba7
30.Qe1 Bxe4 31.Bxe4 Bc5 32.f4 Rxf4 33.Rh3 h6 34.g3 Rf2 35.Rh4 Rbf8 36.Bd3 Qb7+
37.Be4 Qf7 38.Bd5 Qf5 39.Be4 Rf1+ 40.Qxf1 Qxf1+ 41.Rxf1 Rxf1+ 42.Kg2 Rf2+
43.Kh3 Rxa2 44.Rh5 Bg1 45.Rf5 Rxh2+ 46.Kg4 Rf2 47.Rh5 Re2 48.Bg6 Rh2 49.Rf5 Rf2
50.Rh5 Rf6 51.Be4 Be3 52.Rh1 g6 53.Ra1 Bd2 54.Rxa6 Bxc3 55.Ra7 Bd4 56.Rd7 Kg8
57.Bd5+ Kf8 58.Bc6 Bc5 59.Rd8+ Kg7 60.Bd5 h5+ 61.Kg5 Rf5+ 62.Kh4 Rf8 63.Rd7+ Kh6
64.Be4 Rf2 65.Kh3 Re2 66.Bd3 Rd2 67.Be4 Bg1 68.g4 Rh2+ 69.Kg3 h4+ 70.Kf3 Rf2+  0-1

[Event "20th TCh-CRO 1a"]
[Site "Sibenik CRO"]
[Date "2011.10.09"]
[Round "6.2"]
[White "Naiditsch,A"]
[Black "Navara,D"]
[Result "1/2-1/2"]
[WhiteElo "2707"]
[BlackElo "2705"]

1.e4 c5 2.Nf3 e6 3.d4 cxd4 4.Nxd4 Nc6 5.Nb5 d6 6.c4 Nf6 7.N1c3 a6 8.Na3 Be7
9.Be2 O-O 10.O-O b6 11.Be3 Bb7 12.Qb3 Nd7 13.Rfd1 Nc5 14.Qc2 Bf6 15.Rac1 Be5
16.Nab1 f5 17.f4 Bxc3 18.Nxc3 fxe4 19.Qd2 e5 20.fxe5 Nxe5 21.Qxd6 Ncd3 22.Qxd8 Raxd8
23.Bxb6 Rc8 24.b3 Rc6 25.Be3 Nxc1 26.Rxc1 Nd3 27.Rd1 Nf4 28.Bf1 Rg6 29.g3 h5
30.Nd5 Nxd5 31.cxd5 h4 32.d6 hxg3 33.d7 gxh2+ 34.Kxh2 Rd8 35.Bc4+ Kh7 36.Bf7 Rf6
37.Be8 Rf8 38.Rc1 Rfxe8 39.dxe8=Q Rxe8 40.Rc7 Bd5 41.Bd4 e3 42.Rxg7+ Kh6
43.Rd7 e2 44.Rd6+ Re6  1/2-1/2

[Event "Lichtenrader Autumn"]
[Site "Berlin GER"]
[Date "2011.10.12"]
[Round "5.3"]
[White "Gruzmann,B"]
[Black "Teske,H"]
[Result "0-1"]
[WhiteElo "2258"]
[BlackElo "2547"]

1.e4 c5 2.Nf3 Nc6 3.d4 cxd4 4.Nxd4 e6 5.Nb5 Nf6 6.N1c3 d6 7.Bf4 e5 8.Bg5 a6
9.Bxf6 gxf6 10.Na3 b5 11.Nd5 Bg7 12.Bd3 Ne7 13.Nxe7 Qxe7 14.c4 f5 15.O-O O-O
16.Qf3 bxc4 17.Bxc4 Rb8 18.Rab1 Qg5 19.Nc2 fxe4 20.Qxe4 Bf5 21.Qe2 Qg6 22.Rfc1 Rfc8
23.Na3 Bxb1 24.Rxb1 d5 25.Bxd5 Qxb1+ 26.Nxb1 Rc1+ 27.Qf1 Rxf1+ 28.Kxf1 Rxb2
29.Nc3 Rc2 30.Ne4 Bf8 31.g4 Be7 32.Kg2 Bh4 33.Kf3 Kg7 34.Ke3 Rb2 35.h3 a5
36.Bb3 Kg6 37.Kf3 Kg7 38.Ke3 h6 39.Kf3 Kf8 40.Ke3 Bd8 41.Kf3 Bh4 42.Ke3 Ke7
43.Kf3 f6 44.Ke3 Kd8 45.Kf3 Kc7 46.Bd5 Kb6 47.Be6 Kb5 48.Ke3 Kb4 49.Kf3 Ka3
50.Ke3 a4 51.f4 Rh2 52.fxe5 fxe5 53.Nd6 Rxh3+ 54.Ke4 Rh2 55.Nc4+ Kxa2 56.Nb6+ Ka3
57.Bd7 Bf2 58.Nxa4 Bd4 59.Kd5 Kb4  0-1

[Event "II Oliver Gonzalez Memorial"]
[Site "Madrid ESP"]
[Date "2011.10.14"]
[Round "7.29"]
[White "Campos Palacios,Daniel"]
[Black "Cortes Jurado,R"]
[Result "1/2-1/2"]
[WhiteElo "1958"]
[BlackElo "2101"]

1.e4 c5 2.Nf3 e6 3.d4 cxd4 4.Nxd4 Nc6 5.Nb5 d6 6.Bf4 e5 7.Be3 Nf6 8.Bg5 Be6
9.Bxf6 gxf6 10.Nd2 a6 11.Nc3 Bg7 12.Nc4 Nd4 13.Bd3 f5 14.exf5 Bxc4 15.Bxc4 Qg5
16.O-O O-O 17.Ne4 Qxf5 18.Nxd6 Qg6 19.c3 Qxd6 20.cxd4 exd4 21.Qf3 Rac8 22.Rac1 Rc7
23.Bd3 Re7 24.Rfe1 Rfe8 25.Rxe7 Qxe7 26.g3 Qd7 27.Kg2 Rd8 28.h4 Qd5 29.Qxd5 Rxd5
30.Kf3  1/2-1/2

[Event "TCh-ROU Superliga w 2011"]
[Site "Brasov ROU"]
[Date "2011.10.15"]
[Round "8.5"]
[White "Petrenko,S"]
[Black "Cramling,P"]
[Result "0-1"]
[WhiteElo "2223"]
[BlackElo "2489"]

1.e4 c5 2.Nf3 e6 3.d4 cxd4 4.Nxd4 Nc6 5.Nb5 d6 6.c4 Nf6 7.N1c3 a6 8.Na3 Be7
9.Be2 O-O 10.O-O b6 11.f4 Bb7 12.Bf3 Rc8 13.Be3 Na5 14.Qd3 d5 15.cxd5 b5
16.Naxb5 axb5 17.Qxb5 exd5 18.exd5 Nc4 19.Bf2 Qc7 20.Be2 Nd6 21.Qd3 Qa5 22.Rfd1 Rfd8
23.Bf3 Nc4 24.Rab1 Ba6 25.Qc2 Bd6 26.Qa4 Qxa4 27.Nxa4 Bxf4 28.Nb6 Nxb6 29.Bxb6 Rd6
30.Bd4 Bb7 31.g3 Bh6 32.Be5 Ra6 33.a3 Be3+ 34.Kh1 Re8 35.Bxf6 Rxf6 36.Kg2 Rc8
37.Rf1 Rc2+ 38.Kh1 Rxf3 39.Rxf3 Bxd5 40.Rf1 Rxb2  0-1

[Event "TCh-FIN SM-Liiga 2011-12"]
[Site "Porvoo FIN"]
[Date "2011.11.20"]
[Round "6.8"]
[White "Nyback,J"]
[Black "Olander,A"]
[Result "1/2-1/2"]
[WhiteElo "2137"]
[BlackElo "2074"]

1.e4 c5 2.Nf3 e6 3.d4 cxd4 4.Nxd4 Nc6 5.Nb5 d6 6.c4 a6 7.N5a3 Nf6 8.Nc3 Be7
9.Bd3 O-O 10.O-O b6 11.Be3 Nd7 12.f4 Bb7 13.Rc1 Nc5 14.Bb1 Bf6 15.Qe2 Rc8
16.Rfd1 Qe7 17.g4 Bxc3 18.Rxc3 Rfd8 19.Bf2 Qf6 20.Rh3 Qe7 21.e5 dxe5 22.Bxh7+ Kf8
23.Rxd8+ Rxd8 24.Bc2 Qd6 25.Rh8+ Ke7 26.Bh4+ f6 27.Rh7 Nd4 28.Qf2 Nxc2 29.Bxf6+ Kf7
30.Rxg7+ Kf8 31.Bxd8 Kxg7 32.Bf6+ Kf7 33.Nxc2 Qd1+ 34.Ne1 Ne4 35.Qh4 Nxf6
36.h3 Qd4+ 37.Qf2 Qxf4 38.Qxf4 exf4 39.Nd3 f3 40.Kf2 Ne4+ 41.Kxf3 Nc5+ 42.Ke3 Nxd3
43.Kxd3 Kf6 44.b4 Ke5 45.Ke3 a5 46.bxa5 bxa5 47.h4 Kf6  1/2-1/2

[Event "21st World Seniors"]
[Site "Rijeka CRO"]
[Date "2011.11.21"]
[Round "6.15"]
[White "Lederman,L"]
[Black "Trofimov,S1"]
[Result "1-0"]
[WhiteElo "2267"]
[BlackElo "2408"]

1.e4 c5 2.Nf3 e6 3.d4 cxd4 4.Nxd4 Nc6 5.Nb5 d6 6.c4 Nf6 7.N5c3 Be7 8.Be2 O-O
9.O-O b6 10.f4 Bb7 11.Bf3 Rc8 12.Be3 Nb8 13.Qd3 Bc6 14.b4 Qc7 15.Nd2 Nbd7
16.Rac1 Qb8 17.g4 h6 18.h4 Nh7 19.g5 hxg5 20.hxg5 g6 21.Rf2 Rce8 22.Qf1 Kg7
23.Rh2 Rh8 24.Qg2 Qd8 25.Kf2 e5 26.Rg1 exf4 27.Bxf4 Ne5 28.Be2 Reg8 29.Qg3 Nf8
30.Rxh8 Rxh8 31.Nd5 Bxd5 32.exd5 Nfd7 33.Ne4 Qc7 34.Rc1 Qb8 35.Kg2 Qb7 36.Bg4 Kg8
37.Bxd7 Qxd7 38.Bxe5 dxe5 39.d6 Bd8 40.c5 bxc5 41.bxc5 Qb5 42.Re1 Ba5 43.Nf6+ Kf8
44.Rxe5 Qb2+ 45.Kf3 Kg7 46.Re3 Rh1 47.Re8 Qb7+ 48.Kg4 Qb4+ 49.Ne4  1-0

[Event "Cultural Village Tournament"]
[Site "Wijk aan Zee NED"]
[Date "2011.11.22"]
[Round "2.5"]
[White "Bottema,To"]
[Black "Peelen,P"]
[Result "1/2-1/2"]
[WhiteElo "2219"]
[BlackElo "2362"]

1.Nf3 c5 2.e4 e6 3.d4 cxd4 4.Nxd4 Nc6 5.Nb5 d6 6.c4 Nf6 7.N1c3 a6 8.Na3 b6
9.Be2 Bb7 10.O-O Nb8 11.f3 Nbd7 12.Be3 Be7 13.Rc1 O-O 14.Nc2 Rc8 15.Qd2 Qc7
16.Nd4 Qb8 17.Rfd1 Rfe8 18.Qe1 Bd8 19.Qf2 Bc7 20.g4 Nf8 21.g5 N6d7 22.f4 Nc5
23.Bf3 Qa8 24.Qg2 Ng6 25.Qc2 d5 26.cxd5 Bxf4 27.Bxf4 Nxf4 28.b4 Nd7 29.Qd2 Ng6
30.Rf1 Nde5 31.Bg2 Rcd8 32.Qf2 Rd7 33.Qg3 b5 34.Nb3 exd5 35.Nxd5 Bxd5 36.exd5 Qa7+
37.Nc5 Rdd8 38.h4 Nc4 39.Rce1 a5 40.a3 Nge5 41.Kh1 axb4 42.axb4 Qa3 43.Qxa3 Nxa3
44.Nb7 Rd7 45.Na5 Kf8 46.Nc6 Nac4 47.Re2 Nd3 48.Rxe8+ Kxe8 49.Ra1 f6 50.gxf6 gxf6
51.Ra8+ Kf7 52.Rh8 Kg7 53.Rb8 Nf4 54.Rxb5 Nxg2 55.Kxg2 Rxd5 56.Rxd5 Ne3+
57.Kf3 Nxd5 58.b5 Kg6 59.Kg3 Kf5 60.Na5 Nb6 61.Kf3 Ke5 62.Nc6+ Kd5 63.Kf4 Kc5
64.Ne7 h5 65.Kf5 Nc4 66.Kxf6 Ne3 67.Kg5 Ng2 68.Kxh5 Kxb5 69.Kg5 Nxh4 70.Kxh4  1/2-1/2

[Event "Vizag GM Open"]
[Site "Visakhapatnam IND"]
[Date "2011.11.27"]
[Round "6"]
[White "Vignesh NR"]
[Black "Satyapragyan,S"]
[Result "1/2-1/2"]
[WhiteElo "2028"]
[BlackElo "2436"]

1.e4 c5 2.Nf3 e6 3.d4 cxd4 4.Nxd4 Nc6 5.Nb5 d6 6.c4 Nf6 7.N5c3 Be7 8.Be2 b6
9.O-O Bb7 10.Be3 Ne5 11.Nd2 O-O 12.f4 Ng6 13.a3 Qd7 14.b4 Rad8 15.Qb3 Qc8
16.Rac1 Qa8 17.Qb1 Rfe8 18.f5 Ne5 19.Bd4 Nfd7 20.fxe6 fxe6 21.Nf3 Bf6 22.Rfd1 Rf8
23.Kh1 Nxf3 24.Bxf3 Ne5 25.Bxe5 Bxe5 26.Ne2 Rf6 27.c5 dxc5 28.Rxd8+ Qxd8
29.bxc5 Bb8 30.cxb6 axb6 31.Rd1 Qc7 32.Ng3 Rf8 33.Qb3 Bc8 34.Bg4 Qc6 35.Bf3 Kh8
36.Qb4 Qc5 37.Qxc5 bxc5 38.Rc1 Bd6 39.e5 Bxe5 40.Rxc5 Bd4 41.Rc4 e5 42.Ne2 Ba6
43.Ra4 Bxe2 44.Bxe2 g6 45.Bf3  1/2-1/2

[Event "TCh-BEL 2011-12"]
[Site "Belgium BEL"]
[Date "2011.12.04"]
[Round "5.2"]
[White "Michiels,B"]
[Black "Chuchelov,V"]
[Result "1-0"]
[WhiteElo "2501"]
[BlackElo "2538"]

1.e4 c5 2.Nf3 e6 3.d4 cxd4 4.Nxd4 Nc6 5.Nb5 d6 6.c4 Nf6 7.N1c3 a6 8.Na3 b6
9.Be2 Bb7 10.O-O Be7 11.Be3 O-O 12.Qd2 Ne5 13.f3 Qc7 14.Rac1 Rfe8 15.Rfd1 Rac8
16.Kh1 Qb8 17.Bf1 Nfd7 18.b4 d5 19.cxd5 Bxb4 20.Qb2 Bxc3 21.Rxc3 Rxc3 22.Qxc3 exd5
23.exd5 Nf6 24.Qb3 Nxf3 25.gxf3 Bxd5 26.Rxd5 Nxd5 27.Bd4 Qd8 28.Nc2 Qg5 29.Qa4 Rd8
30.Qxa6 Qc1 31.Qe2 Nf4 32.Qf2 Qd1 33.Be3 Rd3 34.Ne1 Ra3 35.Bxf4 Qd5 36.Qxb6 Ra8
37.Qb3 Qa5 38.Bg3 Qxa2 39.Qxa2 Rxa2 40.Bc4 Rd2 41.Nd3 Kf8 42.Bd6+ Kg8 43.Bf4 Rd1+
44.Kg2 Kh8 45.Ne5 f6 46.Nf7+ Kg8 47.Ng5+ Kh8 48.Ne6 Kg8 49.h4 Ra1 50.Bd5 Rd1
51.Nc7+ Kh8 52.Bd6 Rd2+ 53.Kg3 Rd1 54.Bf8 g6 55.Be7  1-0

[Event "XXII Cajacanarias Christmas"]
[Site "Santa Cruz de Tenerife ESP"]
[Date "2011.12.21"]
[Round "4"]
[White "Evora Brondo,J"]
[Black "Rodriguez Lapetra,P"]
[Result "0-1"]
[WhiteElo "1922"]
[BlackElo "2153"]

1.e4 c5 2.Nf3 Nc6 3.d4 cxd4 4.Nxd4 e6 5.Nb5 d6 6.N1c3 a6 7.Nd4 Qc7 8.Be2 Nf6
9.O-O Be7 10.Be3 O-O 11.f4 Bd7 12.Qe1 b5 13.a3 Nxd4 14.Bxd4 Bc6 15.Bd3 Rfd8
16.Qg3 d5 17.exd5 Bxd5 18.Nxd5 Rxd5 19.Be5 Qc5+ 20.Kh1 g6 21.Rae1 Rad8 22.Rf3 Nh5
23.Qh3 Bf6 24.g4 Bxe5 25.fxe5 Ng7 26.Qh4 Rd4 27.Qf2 Qd5 28.h3 Rd7 29.Kg1 Qc5
30.Rf1 R4d5 31.Qxc5 Rxc5 32.Re1 Ne8 33.Kf2 Nc7 34.Kg3 g5 35.h4 h6 36.hxg5 hxg5
37.Kf2 Nd5 38.b4 Rcc7 39.Ke2 Nf4+ 40.Kd2 Rc4 41.Rg3 Rd5 42.Rgg1 Kf8 43.Re3 Ke7
44.Rgg3 Rc8 45.Rg1 Rcd8 46.Rh1 Rd4 47.Rg1 Nd5 48.Rh3 Nb6 49.Rh5 Nc4+ 50.Ke2 Nxe5
51.Rxg5 Nxd3 52.cxd3 Rxd3  0-1

[Event "XXIII Roquetas Open"]
[Site "Roquetas de Mar ESP"]
[Date "2012.01.05"]
[Round "7"]
[White "Ladron de Guevara Pinto,P"]
[Black "Malakhatko,V"]
[Result "0-1"]
[WhiteElo "2299"]
[BlackElo "2524"]

1.e4 c5 2.Nf3 e6 3.d4 cxd4 4.Nxd4 Nc6 5.Nb5 d6 6.c4 Nf6 7.N1c3 a6 8.Na3 Be7
9.Be2 O-O 10.O-O b6 11.Be3 Bb7 12.Qb3 Nd7 13.Rfd1 Nc5 14.Qc2 Rc8 15.f3 Qc7
16.Rac1 Qb8 17.Qb1 Nb4 18.Nc2 Nxc2 19.Rxc2 Nd7 20.Rcd2 Ne5 21.b3 b5 22.f4 Ng6
23.g3 Qa8 24.Bd3 Bf6 25.Ne2 bxc4 26.bxc4 Rb8 27.Qc2 Rfc8 28.Rb1 Nf8 29.Rb3 g6
30.Rd1 Nd7 31.Rdb1 d5 32.exd5 exd5 33.c5 d4 34.Bxd4 Bh1 35.c6 Rxb3 36.Kxh1 Rxc6
37.Qxb3 Rc1+  0-1

[Event "Grand Prix Pyramides FFE Open"]
[Site "Le Port-Marly FRA"]
[Date "2012.01.07"]
[Round "7.2"]
[White "Naiditsch,A"]
[Black "Fier,A"]
[Result "0-1"]
[WhiteElo "2702"]
[BlackElo "2603"]

1.e4 c5 2.Nf3 e6 3.d4 cxd4 4.Nxd4 Nc6 5.Nb5 d6 6.c4 Nf6 7.N1c3 a6 8.Na3 Be7
9.Be2 O-O 10.O-O b6 11.Be3 Bb7 12.Qb3 Nd7 13.Rfd1 Qc7 14.Rac1 Nce5 15.Qc2 Rac8
16.Qb1 Ng6 17.Nc2 h6 18.g3 Qb8 19.Nd4 Qa8 20.f4 Nc5 21.Bf3 a5 22.Rf1 Rfe8
23.h4 e5 24.Nf5 exf4 25.Bxf4 Nxf4 26.gxf4 Bf8 27.Nd5 Bxd5 28.cxd5 Qa6 29.Nd4 Qd3
30.Qxd3 Nxd3 31.Rxc8 Rxc8 32.Nc6 Re8 33.Be2 Nb4 34.Nxb4 Rxe4 35.Nc6 Rxe2
36.Rf2 Re1+ 37.Rf1 Re4 38.Kg2 f5 39.h5 Kf7 40.Nd8+ Kf6 41.Ne6 Be7 42.Kf3 Kf7
43.Rc1 Rb4 44.Rc7 Re4 45.Rb7 a4 46.Rxb6 g6 47.hxg6+ Kxg6 48.Rb7 Kf6 49.b3 h5
50.Ra7 axb3 51.axb3 Rb4 52.Ra3 h4 53.Kg2 Rb5 54.Nc7 Rc5 55.Ra7 Rc2+ 56.Kh1 Kg6
57.Ne6 Kf6 58.Nc7 Re2 59.b4 Bd8 60.b5 Kg6 61.b6 Rb2 62.Ra8 Bf6 63.Rg8+ Kf7
64.Rb8  0-1

[Event "37th Seville Open"]
[Site "Seville ESP"]
[Date "2012.01.13"]
[Round "7"]
[White "Campora,D"]
[Black "Malakhatko,V"]
[Result "1-0"]
[WhiteElo "2490"]
[BlackElo "2524"]

1.e4 c5 2.Nf3 e6 3.d4 cxd4 4.Nxd4 Nc6 5.Nb5 d6 6.c4 Nf6 7.Bd3 Be7 8.O-O Ne5
9.f4 Nxd3 10.Qxd3 O-O 11.Kh1 a6 12.N5c3 b6 13.Be3 Bb7 14.Nd2 Rb8 15.a4 Qc7
16.Bg1 Ba8 17.Rae1 Nd7 18.Bd4 Bh4 19.Re2 Rbe8 20.Nf3 Be7 21.Rfe1 Nc5 22.Qc2 Rc8
23.Nd2 Rfd8 24.Rf1 Nd7 25.Qd3 Bf6 26.Bxf6 Nxf6 27.f5 d5 28.cxd5 exd5 29.e5 Ne4
30.f6 Qxe5 31.fxg7 Qxg7 32.Qxa6 Nxd2 33.Rxd2 d4 34.Qd3 Rc6 35.Ne4 Rg6 36.Kg1 Kh8
37.Ng3 h5 38.Rf5 Re8 39.Qxd4 Qxd4+ 40.Rxd4 Bc6 41.Rxh5+ Kg8 42.Rhh4 Re1+
43.Kf2 Re8 44.Rhg4 Re6 45.Rxg6+ fxg6 46.Rb4 Rf6+ 47.Kg1 Bd5 48.Ne2 Kg7 49.Nf4 Bf7
50.h4 Rd6 51.Kf2 Be8 52.Ke3 Kf7 53.g4 Kg7 54.g5 Bf7 55.b3 Bg8 56.Ke4 Bf7
57.Nd3 Bg8 58.Ne5 Bd5+ 59.Ke3 Bg8 60.Nc4 Bxc4 61.Rxc4 Kf7 62.Rf4+  1-0

[Event "5th Gora Swietej Anny"]
[Site "Gora Swietej Anny POL"]
[Date "2012.01.17"]
[Round "7.12"]
[White "Wisniewski,M"]
[Black "Maciak,Gabriela"]
[Result "1-0"]
[WhiteElo "1808"]
[BlackElo "1498"]

1.e4 c5 2.Nf3 e6 3.d4 cxd4 4.Nxd4 Nc6 5.Nb5 d6 6.c4 a6 7.N5a3 Nf6 8.Nc3 Be7
9.Be2 O-O 10.O-O h6 11.Be3 Bd7 12.Qd2 Qc7 13.f3 Rac8 14.Rfd1 Rfd8 15.Rac1 Nh7
16.Bf1 Be8 17.Qf2 Qb8 18.h4 Nf8 19.Qg3 Kh8 20.h5 Bf6 21.Kh1 Nh7 22.Rd2 Rd7
23.Na4 Bd8 24.Rcd1 e5 25.Nb6 Bxb6 26.Bxb6 Nf6 27.Qh4 Ne7 28.b3 Rc6 29.Be3 Neg8
30.g4 Qc7 31.g5 hxg5 32.Bxg5 Qa5 33.Nb1 Nh7 34.Be3 Qd8 35.Qh2 Qf6 36.Qg3 Rd8
37.Nc3 Ne7 38.Bh3 a5 39.Rg2 Bd7 40.Bxd7 Rxd7 41.Rdg1 g6 42.hxg6 Qxg6 43.Qh3 Qe6
44.Qxh7+ Kxh7 45.Rh2+ Qh6 46.Rxh6+  1-0

[Event "TCh-CAT 2012"]
[Site "Catalunya ESP"]
[Date "2012.02.04"]
[Round "2.7"]
[White "Rodriguez Melgar,J"]
[Black "Rodon Barrufet,J"]
[Result "1-0"]
[WhiteElo "2196"]
[BlackElo "2049"]

1.e4 c5 2.Nf3 Nc6 3.d4 cxd4 4.Nxd4 e6 5.Nb5 d6 6.c4 a6 7.N5a3 Nf6 8.Nc3 Be7
9.Be2 Qc7 10.Be3 O-O 11.O-O b6 12.f4 Rb8 13.Nc2 Bb7 14.Qd3 Rfd8 15.Rac1 Nd7
16.Bf3 Nc5 17.Qd2 Bf6 18.b4 Nd7 19.Rfd1 Na7 20.Nd4 Nc6 21.Nxc6 Bxc3 22.Rxc3 Bxc6
23.Qxd6 Qb7 24.Rcd3 h6 25.Qe7 Re8 26.Qh4 Nf6 27.e5 Bxf3 28.gxf3 Nh7 29.Kf2 Nf8
30.Qg4 Rbc8 31.c5 bxc5 32.Bxc5 Ng6 33.h4 Kh7 34.h5 Ne7 35.Bxe7 Rxe7 36.a3 Qb6+
37.Kg3 Rc2 38.R3d2 Rec7 39.Kh3 R7c3 40.Rxc2 Rxc2 41.Rg1 g6 42.hxg6+ Kh8 43.gxf7  1-0

[Event "TCh-CAT 2012"]
[Site "Catalunya ESP"]
[Date "2012.02.04"]
[Round "2.3"]
[White "Baches Garcia,G"]
[Black "Alias Ginel,O"]
[Result "1-0"]
[WhiteElo "2379"]
[BlackElo "2193"]

1.e4 c5 2.Nf3 Nc6 3.d4 cxd4 4.Nxd4 e6 5.Nb5 Nf6 6.N1c3 a6 7.Nd6+ Bxd6 8.Qxd6 Qe7
9.Qxe7+ Kxe7 10.Bg5 h6 11.Bh4 b5 12.f3 Bb7 13.O-O-O d6 14.Be2 Rac8 15.Rd2 Rhd8
16.Rhd1 g5 17.Bg3 e5 18.Bf2 Rd7 19.Bb6 Nd8 20.a4 bxa4 21.Nxa4 Ne6 22.Bg1 Rc6
23.Nb6 Rxb6 24.Bxb6 d5 25.exd5 Nxd5 26.Bxa6 Bxa6 27.Rxd5 Rb7 28.Be3 Kf6 29.Rd7 Rb4
30.Ra7 Bc8 31.c3 Rh4 32.h3 Rc4 33.Kd2 Nc7 34.Rda1 Be6 35.b3 Rc6 36.c4 Kf5
37.R1a5 f6 38.Rc5 Rd6+ 39.Ke2 Na6 40.Rb5 h5 41.g4+  1-0

[Event "PriFO Champ RUS 2012"]
[Site "Tolyatti RUS"]
[Date "2012.02.28"]
[Round "2.31"]
[White "Shurakov,D"]
[Black "Zaynutdinov,I"]
[Result "1-0"]
[WhiteElo "2222"]
[BlackElo "1994"]

1.e4 c5 2.Nf3 e6 3.d4 cxd4 4.Nxd4 Nc6 5.Nb5 d6 6.c4 a6 7.N5a3 Nf6 8.Nc3 Be7
9.Be2 Qc7 10.O-O Ne5 11.f4 Ned7 12.Bf3 Rb8 13.Qe2 b6 14.g4 O-O 15.g5 Ne8
16.Be3 Bb7 17.Rad1 Rc8 18.Bg2 Qb8 19.h4 Nc7 20.f5 f6 21.Bh3 e5 22.Qh5 Rfd8
23.g6 h6 24.Bxh6 gxh6 25.Qxh6 Nf8 26.g7 Nh7 27.Bg4 Ne8 28.Rd2 Nxg7 29.Rg2 Kh8
30.Bf3 Rg8 31.Rg6 Bc6 32.Rf2 Rcf8 33.Rfg2 Nxf5 34.exf5 Bxf3 35.Rg7  1-0

[Event "PriFO Champ RUS 2012"]
[Site "Tolyatti RUS"]
[Date "2012.03.02"]
[Round "5.32"]
[White "Safiullin,R"]
[Black "Ospennikov,D"]
[Result "0-1"]
[WhiteElo "2264"]
[BlackElo "2200"]

1.e4 c5 2.Nf3 e6 3.d4 cxd4 4.Nxd4 Nc6 5.Nb5 d6 6.Bf4 e5 7.Be3 Nf6 8.N1c3 a6
9.Na3 b5 10.Nd5 Nxd5 11.exd5 Ne7 12.c4 Nf5 13.Qd2 Nxe3 14.Qxe3 Qa5+ 15.Qd2 Qxd2+
16.Kxd2 b4 17.Nc2 Rb8 18.b3 g6 19.a3 Bh6+ 20.Kd1 bxa3 21.Rxa3 O-O 22.Bd3 f5
23.Re1 a5 24.f3 Bd7 25.Ne3 Rfc8 26.Kc2 Rc5 27.Nd1 Bg5 28.Nc3 Bd8 29.Rb1 Rcc8
30.Na2 Bb6 31.b4 axb4 32.Rxb4 Bc5 33.Rxb8 Rxb8 34.Ra6 Kf7 35.Nc3 Ke7 36.Nb5 h5
37.h3 h4 38.Ra2 Bc8 39.Kd2 Bb7 40.Ke2 Kd8 41.Kd2 Ra8 42.Rxa8+ Bxa8 43.Kc3 Ke7
44.Kd2 Bb7 45.Ke2 Bc8 46.Nc3 Bd7 47.Nb5 Kf6 48.Nc7 Kg5 49.Bc2 Kf6 50.Nb5 Ke7
51.Kd2 Bb4+ 52.Ke2 Kd8 53.Bd3 Kc8 54.Bc2 Kb7 55.Bb3 Kb6 56.Kd3 Bc5 57.Kc3 Ka5
58.Kd3 Kb4 59.Ba2 f4 60.Kd2 Bf5 61.Ke2 e4 62.fxe4 Bxe4 63.Kf1 g5 64.Nxd6 Bxd6
65.c5 Bxc5 66.d6 Bxd6 67.Be6 Kc3 68.Bg4 Kd2 69.Kg1 Bc5+ 70.Kh2 Ke1  0-1

[Event "PriFO Champ RUS 2012"]
[Site "Tolyatti RUS"]
[Date "2012.03.05"]
[Round "8.32"]
[White "Safiullin,R"]
[Black "Zaynutdinov,I"]
[Result "1-0"]
[WhiteElo "2264"]
[BlackElo "1994"]

1.e4 c5 2.Nf3 e6 3.d4 cxd4 4.Nxd4 Nc6 5.Nb5 d6 6.c4 a6 7.N5c3 Nf6 8.Be2 Be7
9.O-O b6 10.Be3 Ne5 11.f3 Ned7 12.Na3 Bb7 13.Rc1 Rc8 14.Qe1 O-O 15.Qf2 Bc6
16.Rfd1 Ra8 17.Kh1 Qb8 18.Nc2 Bd8 19.Qg3 Bc7 20.Bh6 Ne8 21.Bf4 Ndf6 22.Qh4 Qa7
23.g4 Rd8 24.g5 Nd7 25.Rg1 Ne5 26.Bxe5 dxe5 27.Rg3 Qb7 28.Rh3 h6 29.gxh6 g6
30.Qe7 Bd6 31.Qxd8 f6 32.Rd1 Bd7 33.b4 Ng7 34.Qxf8+ Bxf8 35.hxg7 Kxg7 36.a3 Be7
37.Rg3 Be8 38.h4 Qc7 39.Rdg1 Qd7 40.Rd1 Qc7 41.Rdg1 Qd7 42.Rd1 Qc7 43.Nb1 Ba4
44.Rdg1 Be8 45.Rxg6+ Bxg6 46.h5 Qd8 47.Rxg6+ Kf7 48.Kg2 Qh8 49.f4 exf4 50.Nd4 Qe8
51.Bg4 f5 52.exf5 exf5 53.Bxf5 Qa8+ 54.Nf3 Bf6 55.h6 Qe8 56.Nbd2 Qe2+ 57.Kg1 Qe3+
58.Kg2 Qe2+ 59.Kh3 Qd1 60.h7 Qh1+ 61.Nh2 Qa1 62.Ndf3 Qc3 63.Kg4 Qb2 64.Kxf4 Qc1+
65.Kg3 Qc3 66.Ng4 Bd4 67.Kf4 Bh8 68.Nge5+ Ke7 69.Re6+ Kd8 70.Nf7+ Kc7 71.Nxh8 Qxh8
72.Rg6 Qf8 73.Rg8 Qd6+ 74.Kg4  1-0

[Event "Nis Open 2012"]
[Site "Nis SRB"]
[Date "2012.03.16"]
[Round "6"]
[White "Mitrovic,Da1"]
[Black "Tosic,M"]
[Result "0-1"]
[WhiteElo "2290"]
[BlackElo "2416"]

1.e4 c5 2.Nf3 e6 3.d4 cxd4 4.Nxd4 Nc6 5.Nb5 d6 6.c4 Nf6 7.N5c3 Be7 8.Be2 O-O
9.O-O b6 10.Be3 Bb7 11.Nd2 Rc8 12.Rc1 Rc7 13.a3 Rd7 14.Qc2 Qa8 15.h3 Rc8
16.Qb1 Rdd8 17.Rfd1 Ne5 18.Bf1 h6 19.Be2 Bf8 20.Bf1 g5 21.Be2 Kh7 22.Bf1 Be7
23.f3 Qb8 24.Be2 Ng6 25.Nb3 Nh5 26.Bf1 Bf6 27.Nd4 Be5 28.Na2 d5 29.Ne2  0-1

[Event "Belgrade Spring Open 2012"]
[Site "Belgrade SRB"]
[Date "2012.03.24"]
[Round "1.2"]
[White "Martic,I SRB"]
[Black "Cosic,N"]
[Result "1-0"]
[WhiteElo "2392"]
[BlackElo "1893"]

1.e4 c5 2.Nf3 e6 3.d4 cxd4 4.Nxd4 Nc6 5.Nb5 d6 6.c4 a6 7.N5c3 Nf6 8.Be2 Be7
9.O-O O-O 10.Be3 Qc7 11.Na3 Bd7 12.Rc1 Nb4 13.Qd2 Qa5 14.Rfd1 Bc6 15.f3 d5
16.cxd5 exd5 17.e5 Nd7 18.Bd4 Rad8 19.Kh1 Nc5 20.Nab1 Ne6 21.a3 Bg5 22.Be3 Bxe3
23.Qxe3 d4 24.axb4 Qxb4 25.Na2 Qxb2 26.Qd2 Qb6 27.Nb4 Ba4 28.Re1 Nc5 29.Bc4 Nb3
30.Bxb3 Bxb3 31.Nd3 a5 32.Na3 a4 33.Rc5 Rfe8 34.Rb5 Qc7 35.Rc5 Qe7 36.Nb5 b6
37.Rc7 Rd7 38.Rec1 Red8 39.h3 h6 40.Qb2 Qg5 41.Rxd7 Rxd7 42.Nxd4 Qe3 43.Nxb3 axb3
44.Nf2 Rd2 45.Rc8+ Kh7 46.Qb1+ g6 47.Ng4  1-0

[Event "TCh-CAT 2012"]
[Site "Catalunya ESP"]
[Date "2012.03.24"]
[Round "9.3"]
[White "Baches Garcia,G"]
[Black "Bromberger,S"]
[Result "0-1"]
[WhiteElo "2379"]
[BlackElo "2513"]

1.e4 c5 2.Nf3 e6 3.d4 cxd4 4.Nxd4 Nc6 5.Nb5 d6 6.c4 Nf6 7.N1c3 a6 8.Na3 b6
9.Be2 Bb7 10.Bf4 Ne5 11.f3 Be7 12.O-O Qc7 13.Qd2 O-O 14.Rac1 Rac8 15.Rfd1 Qb8
16.Kh1 h5 17.Qe3 Bd8 18.Bg5 Ba8 19.h3 Ng6 20.f4 Rc5 21.Bxf6 Bxf6 22.b4 Rcc8
23.Bxh5 d5 24.e5 Be7 25.Bxg6 fxg6 26.cxd5 Bxb4 27.Nab1 Rc4 28.dxe6 Bc5 29.Qg3 Rcxf4
30.e7 Bxe7 31.Nd5 Bxd5 32.Rxd5 Rf1+ 33.Rxf1 Rxf1+ 34.Kh2 Rxb1 35.Qxg6 Re1
36.Qe6+ Kf8 37.g3 Re2+ 38.Kg1 Qc7 39.Qf5+ Bf6  0-1

[Event "TCh-CAT 2012"]
[Site "Catalunya ESP"]
[Date "2012.03.24"]
[Round "9.2"]
[White "Alonso Garcia,R"]
[Black "Gonzalez Garcia,J2"]
[Result "1/2-1/2"]
[WhiteElo "2360"]
[BlackElo "2529"]

1.e4 c5 2.Nf3 e6 3.d4 cxd4 4.Nxd4 Nc6 5.Nb5 d6 6.c4 Nf6 7.N5c3 Be7 8.Be2 O-O
9.O-O b6 10.Bf4 Bb7 11.Re1 Rc8 12.Nd2 a6 13.Rc1 Nd7 14.Nf1 Nce5 15.b3 Nf6
16.Ng3 Re8 17.Be3 Qc7 18.Qd4 Nfd7 19.Red1 Nc5 20.f3 h5 21.Nf1 h4 22.h3 Qb8
23.Qd2 d5 24.cxd5 exd5 25.Nxd5  1/2-1/2

[Event "European Senior Teams 2012"]
[Site "Rogaska Slatina SLO"]
[Date "2012.03.31"]
[Round "5.7"]
[White "Krebs,D"]
[Black "Kanko,I"]
[Result "1-0"]
[WhiteElo "2114"]
[BlackElo "2250"]

1.e4 c5 2.Nf3 e6 3.d4 cxd4 4.Nxd4 Nc6 5.Nb5 d6 6.c4 Nf6 7.N1c3 a6 8.Nd4 Be7
9.Be3 O-O 10.Be2 Bd7 11.O-O Nxd4 12.Bxd4 Bc6 13.Bf3 Rc8 14.Rc1 Nd7 15.Qd2 b5
16.cxb5 axb5 17.a3 Nc5 18.Qe2 Nb3 19.Rcd1 Nxd4 20.Rxd4 Qb6 21.Rfd1 Rfd8 22.g3 Be8
23.Qd2 Rc5 24.Be2 Rdc8 25.Rb4 Qa5 26.Rd4 Qa7 27.Rb4 f5 28.Bxb5 Bh5 29.Be2 Bxe2
30.Qxe2 Rf8 31.Kg2 fxe4 32.Rxe4 Qb7 33.Kg1 Rcf5 34.Rf1 d5 35.Rxe6 Bc5 36.Nd1 Qf7
37.Re5 Bd4 38.Rxf5 Qxf5 39.Qd2 Ba7 40.Ne3 Bxe3 41.Qxe3 Rb8 42.b4 h6 43.Rd1 Rd8
44.Qd3 Qd7 45.b5  1-0